书目信息 |
| 题名: |
2000动物营养研究进展
|
|
| 作者: | 卢德勋 | |
| 分册: | ||
| 出版信息: | 北京 中国农业出版社 2001 |
|
| 页数: | 222 | |
| 开本: | 26cm | |
| 丛书名: | ||
| 单 册: | ||
| 中图分类: | Q493 | |
| 科图分类: | ||
| 主题词: | 新陈代谢 , 营养(生物) | |
| 电子资源: | ||
| ISBN: | 7-109-06765-3 | |
| 000 | 00539nam0 2200193 450 | |
| 001 | 0741144344 | |
| 005 | 20070817112544.34 | |
| 010 | @a7-109-06765-3@d¥52.00 | |
| 100 | @a20070817d km y0chiy0120 ea | |
| 101 | 0 | @achi |
| 200 | 1 | @a2000动物营养研究进展@A2000 dong wu ying yang yan jiu jin zhan@f卢德勋@Flu de xun |
| 210 | @a北京@c中国农业出版社@d2001 | |
| 215 | @a222@d26cm | |
| 606 | 0 | @a新陈代谢 |
| 606 | 0 | @a营养(生物) |
| 690 | @aQ493@v3 | |
| 701 | 0 | @a卢德勋@Alu de xun |
| 801 | 0 | @aCN@bPFT@c20070817 |
| 905 | @a213230@dQ493@en1@f1 | |
| 2000动物营养研究进展/卢德勋.-北京:中国农业出版社,2001 |
| 222;26cm |
| ISBN 7-109-06765-3:¥52.00 |
| ● |
| 相关链接 |
|
|
|
|
正题名:2000动物营养研究进展
索取号:Q493/n1
 
预约/预借
| 序号 | 登录号 | 条形码 | 馆藏地/架位号 | 状态 | 备注 |
| 1 | 6600161 | 266001612 | 密集书库-生命科学系/ [索取号:Q493/n1] | 在馆 |